000 00816nam a2200229 a 4500
001 39427
003 BD-RjUL
005 20211209053005.0
008 160410b20131991ii a|||| |||| 00| 0 ben d
020 _a8170669633
_c: TK. 400.00
035 _a(BD-RjUL)39540
040 _aBD-RjUL
_bben
_cBD-RjUL
041 _aben
082 _223
_a914.4
_bGAC 2013
100 _aগঙ্গোপাধ্যায়, সুনীল
_9121283
245 _aছবির দেশে কবিতার দেশে /
_c সুনীল গঙ্গোপাধ্যায়
260 _aকলকাতা:
_bআনন্দ পাবলিশাস ;
_c২০১৩
300 _a২৬৫ পৃ. :
_bচিএ ;
_c২১ সেমি.
650 _aTravel
_9121543
650 _aভূমন
_9121544
942 _2ddc
_cBK
_01
999 _c39427
_d39427